00382pab a2200133 454500008004000000100001900040245008900059260000900148300001300157362000800170650001800178650002400196773002800220180718b2010 xxu||||| |||| 00| 0 eng d aChorev, Nitsan aFixing globalization institutionally is: US domestic politics of international trade c2010 ap.54-74. aJan aGlobalization aInternational trade aInternational Sociology